Menjaring usahawan bumiputera
| Main Author: | |
|---|---|
| Format: | Book |
| Published: |
Kuala Lumpur :
Utusan Pub.& Dist. ,
1998
|
| Series: | Siri pengurusan dan perniagaan Utusan
|
| Subjects: |
MARC
| LEADER | 00000cam a2200000 7i4500 | ||
|---|---|---|---|
| 001 | 0000001151 | ||
| 005 | 20140112.0 | ||
| 020 | 0 | 0 | |a 9676108758 |
| 090 | 0 | 0 | |a 338.040899923 |b ABD 1998 |
| 100 | 0 | 0 | |a ABDUL Razak Omar |
| 245 | 1 | 0 | |a Menjaring usahawan bumiputera |c Abdul Razak Omar |
| 260 | 0 | 0 | |a Kuala Lumpur : |b Utusan Pub.& Dist. , |c 1998 |
| 300 | |a iii, 106 p. ; |c 22 cm. | ||
| 440 | 0 | 0 | |a Siri pengurusan dan perniagaan Utusan |
| 650 | 0 | 0 | |a Business |x Management |
| 650 | 0 | 0 | |a Entrepreneurship |z Malaysia |
| 998 | |a JPSM | ||
| 999 | |a 0000002122 |b Monograph |c Open Shelf |e Default branch | ||